000 00530nam a2200181Ia 4500
008 151018s9999 xx 000 0 und d
082 _bRBASDV7244
_a891.463
100 _aशर्मा स्वामी
245 _aदिगुअण्णा
250 _b1
260 _bदत्त
_c1971
300 _a163
600 _aशर्मा स्वामी
630 _aदिगुअण्णा
700 _aशर्मा स्वामी
730 _aदिगुअण्णा
942 _cBOOK
999 _c1009613
_d1009610